000
00336nam a2200133Ia 4500
008
180207s9999 xx 000 0 und d
020
_a
9780545127820
050
_b
M131 [2001]
100
_a
McCourt, Frank
245
_a
Angela and the baby Jesus /
260
_a
New York :
260
_b
Scholastic,
300
_b
color illustration ;
999
_c
355401
_d
355401